[Event "Bremen-ch Seniors"]
[Site "Bremen"]
[Date "2015.01.10"]
[Round "6"]
[White "Borbely, Kurt"]
[Black "Kuenitz, Bernd"]
[Result "0-1"]
[WhiteElo "1066"]
[BlackElo "1798"]
[PlyCount "40"]
[EventDate "2015.01.05"]
[EventType "swiss"]
[EventRounds "7"]
[EventCountry "GER"]
[SourceTitle "EXT 2018"]
[Source "ChessBase"]
[SourceDate "2017.10.13"]
[SourceVersion "1"]
[SourceVersionDate "2017.10.13"]
[SourceQuality "1"]

1. d4 d5 2. Nf3 g6 3. c4 c6 4. e3 Bg7 5. Nc3 Nf6 6. Be2 0-0 7. 0-0 Nbd7 8. b3 Re8 9. Qc2 b6 10. Bb2 Bb7 11. Rad1 Qc7 12. Rfe1 Rac8 13. b4 dxc4 14. Bxc4 Nd5 15. Nxd5 cxd5 16. Bb3 Qxc2 17. Bxc2 Rxc2 18. Rd2 Rec8 19. Red1 Ba6 20. Ne1 Rxd2 0-1